Sainetes. (Registro nro. 50211)

Detalles MARC
000 -LEADER
campo de control de longitud fija 00981nam a2200253 i 4500
001 - NÚMERO DE CONTROL
campo de control 50211
003 - IDENTIFICADOR DE NÚMERO DE CONTROL
campo de control ES-MaACL
005 - FECHA Y HORA DE LA ÚLTIMA TRANSACCIÓN
campo de control 20250522063044.0
007 - CAMPO FIJO DE DESCRIPCIÓN FÍSICA--INFORMACIÓN GENERAL
campo de control de longitud fija t|
008 - DATOS DE LONGITUD FIJA--INFORMACIÓN GENERAL
campo de control de longitud fija 030801s1982 sp ||||1| spa d
080 ## - NÚMERO DE LA CLASIFICACIÓN DECIMAL UNIVERSAL
Número de la Clasificación Decimal Universal 821.134.2-223"17"
100 1# - ENTRADA PRINCIPAL--NOMBRE DE PERSONA
Nombre de persona Cruz, Ramón de la,
Fechas asociadas al nombre 1731-1794
9 (RLIN) 41806
245 10 - MENCIÓN DEL TÍTULO
Título Sainetes.
Número de parte o sección de la obra 1 /
Mención de responsabilidad, etc. Ramón de la Cruz ; edición, introducción y notas de John Dowling.
260 ## - PUBLICACIÓN, DISTRIBUCIÓN, ETC.
Lugar de publicación, distribución, etc. Madrid :
Nombre del editor, distribuidor, etc. Castalia,
Fecha de publicación, distribución, etc. [1982]
300 ## - DESCRIPCIÓN FÍSICA
Extensión 1 v. :
Otras características físicas 5 h. de lám. ;
Dimensiones 18 cm.
490 1# - MENCIÓN DE SERIE
Mención de serie Clásicos Castalia ;
Designación de volumen o secuencia 124
500 ## - NOTA GENERAL
Nota general Glosario.
504 ## - NOTA DE BIBLIOGRAFÍA, ETC.
Nota de bibliografía, etc. Bibliografia: p. 55-63.
505 8# - NOTA DE CONTENIDO CON FORMATO
Nota de contenido con formato Contiene: 1 ;
Título El Prado por la noche ;
-- La Pradera de San Isidro ;
-- La comedia de maravillas ;
-- La presumida burlada ;
-- Manolo ;
-- Las usías y las payas ;
-- El cortejo escarmentado ;
-- El diablo autor aburrido
700 1# - ENTRADA AGREGADA--NOMBRE PERSONAL
Nombre de persona Dowling, John.
9 (RLIN) 45533
830 0# - PUNTO DE ACCESO ADICIONAL DE SERIE-TÍTULO UNIFORME
Título uniforme Clásicos Castalia ;
Designación de volumen o secuencia 124
9 (RLIN) 178595
852 ## - LOCALIZACIÓN
Ubicación ES-MaACL
Número de control de estantería P-1863
Existencias
Estatus retirado Estado de pérdida Estado de daño No para préstamo Biblioteca de origen Biblioteca actual Ubicación en estantería Fecha de adquisición Fuente de adquisición Total de préstamos Signatura topográfica completa Código de barras Visto por última vez Precio de reemplazo Tipo de ítem Koha
        Biblioteca del Ateneo de Madrid Biblioteca del Ateneo de Madrid Depósito 2 17/01/2008     P-1863 1052818 23/02/2023 23/02/2023 Libro impreso